Diccionario enciclopédico ilustrado : (Registro nro. 226)
[ vista simple ]
| 000 -Cabecera | |
|---|---|
| Campo de control interno | 00688nam a2200229Ia 4500 |
| 005 - Fecha y hora del registro | |
| control field | 20251203123020.0 |
| 008 - Elementos de Longitud Fija | |
| fixed length control field | 251203t1997||||xx |||||||||||||| ||spa|| |
| 020 ## - ISBN | |
| ISBN | 9509000056 |
| 041 ## - Idioma | |
| Codigo Idioma | ESP |
| 082 ## - DEWEY y NOTACIÓN INTERNA | |
| Dewey | RDE 036 |
| Notación Interna | D73 |
| 110 ## - AUTOR INSTTITUCIONAL | |
| Autor Institucional | Visor Enciclopedias Audiovisuales |
| 245 #0 - TÍTULO DE MATERIAL BIBLIOGRÁFICO | |
| Título | Diccionario enciclopédico ilustrado : |
| Título paralelo | Tomos 1-2 |
| 260 ## - CIUDAD, EDITORIAL, AÑO | |
| Ciudad | Buenos Aires : |
| Nombre de la Editorial | Visor Enciclopedias, |
| Año | 1997 |
| 300 ## - DESCRIPCIÓN | |
| N° Páginas | 1093 páginas : |
| Otros detalles | ilustraciones, mapas ; |
| Dimensiones | 28 cm. |
| Material Adicional | |
| 440 ## - MENCIÓN DE SERIE | |
| Título de la Serie | |
| Número de Serie | |
| Volumen de Serie | |
| 505 ## - TABLA DE CONTENIDO | |
| Tabla de Contenido | Contiene: Tomo 1: A-Leloir; Tomo 2: Lema-Z |
| 650 ## - TEMAS | |
| Temas | Generalidades |
| 653 ## - DESCRIPTORES | |
| Lenguajes no controlado | Obras enciclopédicas en Español; Diccionario |
| 654 ## - PROGRAMAS | |
| Programa | Todos los programas |
| 942 ## - ELEMENTOS DE KOHA | |
| Tipo de documento | Diccionario |
| Nombre del creador | Justo Noguera |
| Código de catalogador | Tania Ramirez |
| Esquema de clasificación | Dewey Decimal Classification |
| Suppress in OPAC | |
| Codigo completo | Registro | Colección | Copia número | Disponibilidad | Tipo de préstamo | Biblioteca Actual | Procedencia (Biblioteca) | Ubicacón | Fecha Ingreso | Tipo de Adquisición | Date last seen | Total checkouts | Price effective from | Tipo de Item | Estado del Material | Fuente de Clasificación | Damaged status | Withdrawn status |
|---|---|---|---|---|---|---|---|---|---|---|---|---|---|---|---|---|---|---|
| RDE 036 D73 | 1085097 | Colección Vera Bejar | 1 | Restringido | Víctor Andrés Belaunde | Víctor Andrés Belaunde | Planta baja cerrada | 03/12/2025 | Donación | 03/12/2025 | 03/12/2025 | Diccionario | Bueno | Dewey Decimal Classification | Withdrawn |




